00499nam a2200145 i 4500001000700000003000900007007000300016008004100019100002300060245014600083260004500229300002900274700001900303852003100322146665ES-MaACLt|070914s1972 sp ||||1| spa d1 aTraynham, James G.10aNomenclatura de compuestos orgánicos b: una introducción programada / cJames G. Traynham ; traducción y adaptación de Emilio Yunis. aMadrid, etc. : bPrentice-Hall, c[1972] aXVIII, 129 p. ; c24 cm.1 aYunis, Emilio. aES-MaACLjE-7512 bR.91806